Pode entrar: a porta está aberta (Record no. 69586)
[ view plain ]
| 000 -LÍDER | |
|---|---|
| campo de controle de tamanho fixo | 00368 a2200157 4500 |
| 001 - NÚMERO DE CONTROLE | |
| campo de controle | 69586 |
| 020 ## - ISBN - INTERNATIONAL STANDARD BOOK NUMBER | |
| ISBN - International Standard Book Number | |
| 040 ## - FONTE DA CATALOGAÇÃO | |
| Instituição que transcreveu o registro | Anchieta - Itaigara |
| 100 ## - ENTRADA PRINCIPAL--NOME PESSOAL | |
| Nome pessoal | Rocha, Kátia |
| 240 10 - TÍTULO UNIFORME | |
| Título uniforme | Pode entrar: a porta está aberta |
| Idioma da obra | por |
| 245 10 - TÍTULO | |
| Título | Pode entrar: a porta está aberta |
| 300 ## - DESCRIÇÃO FÍSICA | |
| Extensão | [32p.] |
| 362 0# - DATAS DE PUBLICAÇÃO E/OU DESIGNAÇÃO SEQUENCIAL | |
| Datas de publicação e/ou designação sequencial | 2004 |
| 650 #4 - ASSUNTO--TERMO TÓPICO | |
| Cabeçalho tópico ou nome geográfico | Literatura infanto-juvenil |
| 942 ## - ELEMENTOS DE ENTRADA ADICIONADOS (KOHA) | |
| Tipo de material Koha | Livros |
| Situação do descarte | Situação das perdas | Situação física | Não pode ser emprestado | Biblioteca de origem | Biblioteca atual | Data de aquisição | Total de empréstimos | Número de chamada completo | Código de barras | Data de último acesso | Data do preço efetivo | Tipo de material Koha | Fonte da classificação ou esquema de arquivamento na estante | Número do exemplar |
|---|---|---|---|---|---|---|---|---|---|---|---|---|---|---|
| Colégio São Paulo | Colégio São Paulo | 21/11/2023 | 028.5 BRA POD | 2062/ITA | 21/11/2023 | 21/11/2023 | Livros | |||||||
| Portinari - Salvador | Portinari - Salvador | 22/07/2024 | 028.5 R672p | 5602/CCP | 22/07/2024 | 22/07/2024 | Livros | Ex. 1 |